Conservation of Biodiversity and Natural Resources (Record no. 4228)

MARC details
000 -LEADER
fixed length control field 00437nam a22001697a 4500
005 - DATE AND TIME OF LATEST TRANSACTION
control field 20210908130232.0
008 - FIXED-LENGTH DATA ELEMENTS--GENERAL INFORMATION
fixed length control field 160627b xxu||||| |||| 00| 0 eng d
020 ## - INTERNATIONAL STANDARD BOOK NUMBER
ISBN 81-7035-310-6
041 ## - LANGUAGE CODE
Language code of text/sound track or separate title eng
082 ## - DEWEY DECIMAL CLASSIFICATION NUMBER
Item number 10286
100 ## - MAIN ENTRY--AUTHOR NAME
Personal name Singh M.P. and others
245 ## - TITLE STATEMENT
Title Conservation of Biodiversity and Natural Resources
260 ## - PUBLICATION, DISTRIBUTION, ETC. (IMPRINT)
Place of publication Delhi
Name of publisher Daya Publishing House
300 ## - PHYSICAL DESCRIPTION
Number of Pages 358
650 ## - SUBJECT ADDED ENTRY--TOPICAL TERM
Topical Term Agriculture
942 ## - ADDED ENTRY ELEMENTS (KOHA)
Koha item type Books
Holdings
Lost status Damaged status Collection code Home library Current library Shelving location Date acquired Source of acquisition Cost, normal purchase price Full call number Accession Number Koha item type
    Reference JRU Library JRU Library SHELF-2-C 27/06/2016 PURCHASE 1250.00 333.95 10286 Books
    AGRICULTURE JRU Library JRU Library SHELF-44-G 27/06/2016   1250.00 10286 10287 Books